| 000 | 01088nam a2200289 a 4500 | ||
|---|---|---|---|
| 001 | 000022659 | ||
| 005 | 20210409114021.0 | ||
| 008 | 101014s1997 es 001 0 spa d | ||
| 020 | _a8423988015 | ||
| 040 |
_aDO-SdBNP _bspa _cBNPHU |
||
| 082 |
_axxxx _bG216b |
||
| 100 |
_aGarcía Lorca, Federico, _d1898-1936 _914727 |
||
| 245 | 1 | 0 |
_aBodas de sangre ; _bLa casa de Bernarda Alba ; Romancero gitano ; Poeta en Nueva York ; Llanto por Ignacio Sánchez Méjias ; Diván del Tamarit ; María Pineda ; Libro de poemas / _cFederico García Lorca. |
| 260 |
_aMadrid, : _bEditorial Espasa Calpe, _c1997. _fHuertas |
||
| 300 |
_a747 p. ; _c22 cm. |
||
| 490 | 1 | _aAntología de la literatura universal | |
| 563 | _aVarias obras empaginadas en páginas continuas | ||
| 740 | 2 | _aLa casa de Bernarda Alba | |
| 740 | 2 | _aRomancero gitano | |
| 740 | 2 | _aPoeta en Nueva York | |
| 740 | 2 | _aLlanto por Ignacio Sánchez Méjias | |
| 740 | 2 | _aDiván del Tamarit | |
| 740 | 2 | _aMaría Pineda | |
| 740 | 2 | _aLibro de poemas | |
| 830 | 0 |
_aAntología de la literatura universa _946616 |
|
| 049 | _aBNPD | ||
| 999 |
_c22156 _d22156 |
||